LEADER 01128nam a2200277 i 4500 001 991001773439707536 005 20020507151558.0 008 000517s1987 it ||| | ita 035 $ab11562110-39ule_inst 035 $aLE02724988$9ExL 040 $aDip.to Studi Giuridici$bita 084 $aPR-XVI/A 100 1 $aRizzi, Vincenzo$03782 245 10$aCommento e giurisprudenza dall'art. 900 al 1031, grafici dal n. 942 al n. 1315 /$cVincenzo Rizzi, Luigi Rizzi 250 $a7. ed. con note di aggiornamento 260 $aBologna :$bN. Zanichelli,$c1987 300 $a610 p. ;$c25 cm. 440 3$aLe servitù prediali ;$v4 650 4$aServitù prediali 700 1 $aRizzi, Luigi$eauthor$4http://id.loc.gov/vocabulary/relators/aut$03781 907 $a.b11562110$b02-04-14$c02-07-02 912 $a991001773439707536 945 $aLE027 PR-XVI/A 94$cV. 4$g1$i2027000204816$lle027$o-$pE0.00$q-$rl$s- $t0$u1$v0$w1$x0$y.i11764806$z02-07-02 996 $aCommento e giurisprudenza dall'art. 900 al 1031, grafici dal n. 942 al n. 1315$91436010 997 $aUNISALENTO 998 $ale027$b01-01-00$cm$da $e-$fita$git $h0$i1 LEADER 02672nam0 22005053i 450 001 MIL0137614 005 20251003044225.0 010 $a880604432X 100 $a20130827d1977 ||||0itac50 ba 101 | $aita$cita 102 $ait 181 1$6z01$ai $bxxxe 182 1$6z01$an 183 1$6z01$anc$2RDAcarrier 200 1 $aChiesa e stato in Italia dalla unificazione agli anni settanta$fArturo Carlo Jemolo 210 $aTorino$cEinaudi$dc1977 215 $a331 p.$d19 cm 225 | $aPiccola biblioteca Einaudi$v60 300 $aGia pubblicato con il titolo: Chiesa e Stato in Italia dalla unificazione a Giovanni 23 410 0$1001CFI0010621$12001 $aPiccola biblioteca Einaudi$v60 500 10$aChiesa e stato in Italia dalla unificazione agli anni settanta$3TSA1884816$9CFIV044749$94401958 606 $aChiesa e Stato$xItalia$xSec. 19.-20.$2FIR$3CFIC004050$9I 676 $a322.1$9RELAZIONI DELLO STATO CON LE COLLETTIVITA RELIGIOSE$v19 676 $a322.1$9RELAZIONI DELLO STATO CON LE COLLETTIVITA RELIGIOSE$v21 676 $a322.10945$9RELAZIONI DELLO STATO CON LE COLLETTIVITA RELIGIOSE. Italia$v23 676 $a945.084$9Storia d'Italia. Regni di Vittorio Emanuele II e di Umberto I, 1861-1900$v14 686 $aIT/X42.9$cRAPPORTI STATO E CHIESA CATTOLICA ITALIA$2R 686 $aIT/X420.0$cPOLITICA E CULTURA ITALIA$2R 686 $aVA/X42.0$cPOLITICA E CULTURA VATICANO$2R 686 $aVA/X42.9$cRAPPORTI CON LO STATO ITALIANO VATICANO$2R 700 1$aJemolo$b, Arturo Carlo$3CFIV044749$4070$0246623 790 1$aJemolo$b, Carlo Arturo$3MILV127870$zJemolo, Arturo Carlo 790 1$aJemolo$b, A. C.$3SBNV010079$zJemolo, Arturo Carlo 790 1$aIemolo$b, Arturo Carlo$3SBNV010092$zJemolo, Arturo Carlo 801 3$aIT$bIT-000000$c20130827 850 $aIT-BN0095 $aIT-SA0112 $aIT-AV0003 $aIT-BN0010 901 $bNAP 84$cBIBLIOTECA$n$ 901 $bNAP 01$cPOZZO LIB.$nVi sono collocati fondi di economia, periodici di ingegneria e scienze, periodici di economia e statistica e altri fondi comprendenti documenti di economia pervenuti in dono. 901 $bNAP AR$cP. CICCONE$nDONAZIONE 901 $bNAP CB$cFONDO MAIO$nRiunisce varie sezioni: religione; storia; storia locale; epigrafia 912 $aMIL0137614 950 0$aBiblioteca Centralizzata di Ateneo$c1 v.$d 01POZZO LIB.ECON MON 7074$e 0101 0700199735E VMA 1 v. (Precedente collocazione 19 EC 973)$fB $h20220801$i20220801 977 $a 01$a 84$a AR$a CB 996 $aChiesa e stato in Italia dalla unificazione agli anni settanta$94401958 997 $aUNISANNIO